000 00331nam a2200145Ia 4500
005 20251222152646.0
008 251222s9999||||xx |||||||||||||| ||spa||
020 _a8470397710
082 _a863.5/S42
100 _aSerra, Narcisco
245 0 _aLa Calle de la Montera
250 _a1ra. ed.
264 _bCastilla
942 _cLIB
999 _c28263
_d28263